Countries Bordering 'K' Countries - Statistics

General Stats
  • This quiz has been taken 1,089 times
  • The average score is 15 of 18
Answer Stats
Country % Correct
Russia
92%
Uzbekistan
91%
Turkmenistan
89%
China
88%
Tajikistan
88%
Tanzania
83%
Kyrgyzstan
82%
Serbia
81%
Somalia
81%
Uganda
80%
Iraq
79%
Saudi Arabia
77%
Ethiopia
76%
Albania
75%
Kazakhstan
74%
Macedonia
74%
Montenegro
74%
South Sudan
67%
No matching quizzes found
Score Distribution
Percent of People with Each Score
Percentile by Number Answered
Your Score History
You have not taken this quiz